Artefacto/ (Record no. 3965)

MARC details
000 -LEADER
campo de control de longitud fija 01620nam a22004697a 4500
003 - IDENTIFICADOR DE NÚMERO DE CONTROL
campo de control OSt
005 - FECHA Y HORA DE LA ÚLTIMA TRANSACCIÓN
campo de control 20230629083229.0
008 - DATOS DE LONGITUD FIJA--INFORMACIÓN GENERAL
campo de control de longitud fija 170318s2016 gt||||| |||| 00| 0 spa d
040 ## - FUENTE DE CATALOGACIÓN
Centro/agencia transcriptor Lado V
082 04 - NÚMERO DE LA CLASIFICACIÓN DECIMAL DEWEY
Número de clasificación 700
Número de ítem J91a
100 ## - ENTRADA PRINCIPAL--NOMBRE DE PERSONA
Nombre de persona Juarez M., Juan Bautista
9 (RLIN) 861
Término indicativo de función/relación editor
245 10 - MENCIÓN DEL TÍTULO
Título Artefacto/
Resto del título Revista de Arte y Cultura en Blanco y Negro/
260 ## - PUBLICACIÓN, DISTRIBUCIÓN, ETC.
Lugar de publicación, distribución, etc. Nicaragua
Nombre del editor, distribuidor, etc. Artes Graficas y Ediciones
Fecha de publicación, distribución, etc. 1993
300 ## - DESCRIPCIÓN FÍSICA
Extensión 62p.
Dimensiones 22x28 cm
490 ## - MENCIÓN DE SERIE
Mención de serie 7
Designación de volumen o secuencia 1993
505 ## - NOTA DE CONTENIDO CON FORMATO
Nota de contenido con formato Portada
505 ## - NOTA DE CONTENIDO CON FORMATO
Nota de contenido con formato Requiem para una Infanta Difunta
505 ## - NOTA DE CONTENIDO CON FORMATO
Nota de contenido con formato Ensayo enfocado de Turbulencias
505 ## - NOTA DE CONTENIDO CON FORMATO
Nota de contenido con formato El Color de la LLuvia
505 ## - NOTA DE CONTENIDO CON FORMATO
Nota de contenido con formato Matisse y el Eurocentrismo
505 ## - NOTA DE CONTENIDO CON FORMATO
Nota de contenido con formato Que tRATA DE EL GATO Y SU ESPECIE
505 ## - NOTA DE CONTENIDO CON FORMATO
Nota de contenido con formato EL Güegüense Ejemplo de Cultura Popular Nicaragüense
505 ## - NOTA DE CONTENIDO CON FORMATO
Nota de contenido con formato Boleros
505 ## - NOTA DE CONTENIDO CON FORMATO
Nota de contenido con formato Creo que nuestros artistas han dejado el Arte por el Caramanchel
505 ## - NOTA DE CONTENIDO CON FORMATO
Nota de contenido con formato Tarántula Theraphosidae
505 ## - NOTA DE CONTENIDO CON FORMATO
Nota de contenido con formato El Bello pájaro de la noche
505 ## - NOTA DE CONTENIDO CON FORMATO
Nota de contenido con formato La Dicha se envuelve en Tusa
505 ## - NOTA DE CONTENIDO CON FORMATO
Nota de contenido con formato Metodología para la crítica de las artes visuales
505 ## - NOTA DE CONTENIDO CON FORMATO
Nota de contenido con formato Vieja del Lago
505 ## - NOTA DE CONTENIDO CON FORMATO
Nota de contenido con formato Viejita Necia
505 ## - NOTA DE CONTENIDO CON FORMATO
Nota de contenido con formato Quarto Cardo
505 ## - NOTA DE CONTENIDO CON FORMATO
Nota de contenido con formato El Poder de los símbolos
505 ## - NOTA DE CONTENIDO CON FORMATO
Nota de contenido con formato Imagen
505 ## - NOTA DE CONTENIDO CON FORMATO
Nota de contenido con formato Milagros Terán La Rebelión Continua
505 ## - NOTA DE CONTENIDO CON FORMATO
Nota de contenido con formato Ocurrencias y Veredictos
505 ## - NOTA DE CONTENIDO CON FORMATO
Nota de contenido con formato Fin
650 ## - PUNTO DE ACCESO ADICIONAL DE MATERIA--TÉRMINO DE MATERIA
Fuente del encabezamiento o término Tesauro de Arte & Arquitectura
Término de materia o nombre geográfico como elemento de entrada ARTE
650 ## - PUNTO DE ACCESO ADICIONAL DE MATERIA--TÉRMINO DE MATERIA
Fuente del encabezamiento o término Tesauro de Arte & Arquitectura
Término de materia o nombre geográfico como elemento de entrada CULTURA
650 ## - PUNTO DE ACCESO ADICIONAL DE MATERIA--TÉRMINO DE MATERIA
Fuente del encabezamiento o término Tesauro de Arte & Arquitectura
Término de materia o nombre geográfico como elemento de entrada LITERATURA
700 1# - ENTRADA AGREGADA--NOMBRE PERSONAL
Nombre de persona Svankmajer.
Término indicativo de función/relación ilustrador.
9 (RLIN) 5749
942 ## - ELEMENTOS DE ENTRADA SECUNDARIOS (KOHA)
Fuente del sistema de clasificación o colocación Clasificación Decimal Dewey
Tipo de ítem Koha Libros
Parte de la signatura que corresponde a la clasificación (Parte de la clasificación) 700
Parte de la signatura que identifica el ejemplar (Parte del ítem) J91a
Suprimir en OPAC No
Holdings
Estatus retirado Estado de pérdida Fuente del sistema de clasificación o colocación Especificación de materiales (volumen encuadernado u otra parte) Estado de daño No para préstamo Colección Biblioteca de origen Biblioteca actual Fecha de adquisición Enumeración/cronología de publicación seriada Número de inventario Total de préstamos Signatura topográfica completa Código de barras Visto por última vez Precio de reemplazo Tipo de ítem Koha
    Clasificación Decimal Dewey 1993     Revistas Biblioteca LadoV Biblioteca LadoV 29/06/2023 7 003264   700 J91a 003264 29/06/2023 29/06/2023 Libros